Harry Potter: Poudlard - Statistiques

Statistiques générales
  • Ce quiz a été pris 444 fois
  • Le résultat moyen est 82 sur 132
Statistiques - réponses
Information Réponse % Correct
Fondateur Godric Gryffondor
97%
Fondatrice Helga Poufsouffle
97%
Fondateur Salazar Serpentard
97%
Fonction Education
96%
Fondatrice Rowena Serdaigle
96%
Numéro du quai 9 3/4
93%
Nombre de maisons 4
92%
Première apparition Harry Potter à l'école des sorciers
92%
Derniere apparition Harry Potter et les Reliques de la Mort
92%
Maison Gryffondor
91%
Maison Serdaigle
90%
Maison Serpentard
90%
Maison Poufsouffle
89%
Nombre d'années d'études | Nombre d'étages 7
88%
Directeur Albus Dumbledore
88%
Directrice | Professeur Minerva McGonagall
87%
Directeur | Professeur Severus Rogue
87%
Grande Inquisitrice | Professeur Dolores Ombrage
86%
Cours Potions
86%
Train qui y conduit les élèves Poudlard Express
86%
Sport Quidditch
86%
Objet répartissant les élèves dans leurs maisons Choixpeau magique
85%
Là où vivent les centaures et où on ne peut pas aller Forêt Interdite
85%
Autre école participante Beauxbatons
83%
Cours Métamorphose
83%
Moyen de transport pour les première année Barques
82%
Cours Défense contre les forces du Mal
82%
Fantôme Nick-Quasi-Sans-Tête
82%
Professeur Rémus Lupin
81%
Professeur Quirinus Quirrell
80%
Nom de l'examen passé en fin de 5e année BUSE
79%
Autre école participante Durmstrang
78%
Professeur Gilderoy Lockhart
78%
Age auquel on y entre 11 ans
77%
Professeur Filius Flitwick
77%
Cours Sortilèges
77%
Nation Ecosse
76%
Gare où les élèves attendent ce train King's Cross
76%
Cours Divination
75%
Fantôme Baron Sanglant
74%
Cours Botanique
74%
Préfete de cette maison (Promotion Harry) Hermione Granger
74%
Créatures les tirants Sombrals
74%
Cours Vol
74%
Esprit frappeur Peeves
73%
Professeur Pomona Chourave
73%
Professeur Sibylle Trelawney
73%
Professeur Horace Slughorn
72%
Préfet de cette maison (Promotion Harry) Ron Weasley
72%
Pays Royaume-Uni
72%
Professeur Rubeus Hagrid
72%
Impossible à faire en son enceinte Transplaner
72%
Fantôme Dame Grise
71%
Professeur Renée Bibine
70%
Cours Astronomie
68%
Préfet de cette maison (Promotion Harry) Drago Malefoy
68%
Cours Histoire de la magie
68%
Cours Soins aux créatures magiques
68%
Evenement organisé tout les cinq ans Tournoi des Trois Sorciers
68%
Fantôme Moine Gras
67%
Endroit où ont lieu les matchs et entrainements Terrain de Quidditch
67%
Cours Etude des Moldus
66%
Pièce Grande Salle
66%
Préfete de cette maison (Promotion Harry) Pansy Parkinson
65%
Pièce Salle sur demande
65%
Carte qui représente Poudlard Carte du Maraudeur
63%
Ce que voient les moldus quand ils regardent Poudlard Vieux château en ruines
63%
Professeur Amycus Carrow
62%
Fantôme | Professeur Cuthbert Binns
62%
Signification d'un T Troll
62%
Nom de l'examen passé en fin de 7e année ASPIC
60%
Nombre de passages secrets 8
58%
Cours Arithmancie
58%
Cours Etude des Runes
58%
Pièce Salle commune des Gryffondor
58%
Pièce Salle commune des Poufsouffle
58%
Pièce Salle commune des Serdaigle
58%
Pièce Salle commune des Serpentard
58%
Signification d'un O Optimal
56%
Professeur Alecto Carrow
55%
Professeur Firenze
55%
Professeur Aurora Sinistra
54%
Signification Brevet Universel de Sorcellerie Élémentaire
54%
Préfete de cette maison (Promotion Harry) Hannah Abbot
53%
Fantôme Mimi Geignarde
53%
Directeur Phineas Nigellus Black
53%
Professeur Barty Croupton Jr
52%
Professeur Wilhelmina Gobe-Planche
51%
Signification d'un A Acceptable
47%
Signification d'un E Effort Exceptionnel
47%
Préfete de cette maison (Promotion Harry) Padma Patil
47%
Directeur Armando Dippet
46%
Professeur Charity Burbage
46%
Pièce Cuisines
45%
Ville Pré-au-Lard
45%
Préfet de cette maison (Promotion Harry) Ernie Macmillan
44%
Signification d'un P Piètre
43%
Pièce Chambre des Secrets
42%
Pièce Cachots
41%
Professeur Septima Vector
39%
Pièce Toilettes
37%
Signification d'un D Désolant
36%
Pièce Bureau d'Albus Dumbledore
35%
Moyen de transport pour les autres années Diligences
35%
Pièce Bibliothèque
32%
Résidents Personnel
32%
Résidents Elèves
30%
Préfet de cette maison (Promotion Harry) Anthony Goldstein
28%
Pièce Infirmerie
28%
Pièce Salles de Bain
28%
Résidents Fantômes
27%
Professeur Silvanus Brûlopot
23%
Cours Arts de la magie noire
22%
Nombre d'escaliers 142
19%
Professeur Bathsheda Babbling
18%
Devise (Latin) Draco dormiens nunquam titillandus
17%
Signification Accumulation de Sorcellerie Particulièrement Intensive et Contraignante
16%
Pièce Volière
14%
Pièce Bureau de Argus Rusard
12%
Pièce Salle des Trophées
11%
Devise (Français) Il ne faut pas chatouiller un dragon qui dort
8%
Pièce Différentes salles de classe
6%
Date de construction 10e siecle
2%
Pièce Lingerie
1%
Aucun quiz correspondant
Distribution des résultats
% des personnes avec chaque résultat
Percentile par nombre de réponses
Votre historique - résultats
Vous n’avez pas pris ce quiz